| 000 | 00611cam a22002171 4500 | ||
|---|---|---|---|
| 001 | 000008636 | ||
| 005 | 20200929161357.0 | ||
| 008 | 790404s1964 ve 000 0 spa | ||
| 010 | _a68071595 | ||
| 025 | _aLACAP67-3458 | ||
| 035 | _a(OCoLC)4821663 | ||
| 040 |
_aDO-SdBNP _cNcU _dDLC |
||
| 042 | _apremarc | ||
| 050 | 0 | 0 |
_aPQ8550.17.I4 _bV4 |
| 100 | 1 |
_aGil, Cesar. _923072 |
|
| 245 | 1 | 3 |
_aEl verde sabe a limon; : _bcuentos y relatos. |
| 260 |
_aGuatire, : _bEdiciones Casa de la Cultura del Estado Miranda, _c1964. |
||
| 300 |
_a76 p. ; _c22 cm. |
||
| 910 | _aCatalogación por copia / LC | ||
| 082 | _a863 | ||
| 999 |
_c8406 _d8406 |
||